LEHNINGER PRINCIPLES OF BIOCHEMISTRY (Record no. 33104)

MARC details
000 -LEADER
fixed length control field 00326nam a22001457a 4500
003 - CONTROL NUMBER IDENTIFIER
control field SGT
082 ## - DEWEY DECIMAL CLASSIFICATION NUMBER
Classification number 612.015
Item number NEL
100 ## - MAIN ENTRY--PERSONAL NAME
Personal name NELSON, DAVID L.
245 ## - TITLE STATEMENT
Title LEHNINGER PRINCIPLES OF BIOCHEMISTRY
250 ## - EDITION STATEMENT
Edition statement 8TH
260 ## - PUBLICATION, DISTRIBUTION, ETC. (IMPRINT)
Place of publication, distribution, etc USA
Name of publisher, distributor, etc MACMILLAN PUB.
Year of Publication 2021
300 ## - PAGE DESCRIPTION
No. of Pages 1096
650 ## - SUBJECT ADDED ENTRY--TOPICAL TERM
Topical term or geographic name as entry element BIOCHEMISTRY
942 ## - ADDED ENTRY ELEMENTS (KOHA)
Source of classification or shelving scheme Dewey Decimal Classification
Koha item type Books
Holdings
Withdrawn status Lost status Source of classification or shelving scheme Damaged status Not for loan Collection code Home library Current library Shelving location Date acquired Vendor Name SGTU Bill Number Total Checkouts Full call number Accession No. (Barcode) Date last seen Bill Date Koha item type
    Dewey Decimal Classification     SCIENCE SGT Science & Social Sciences Library SGT Science & Social Sciences Library Reference Book 01/11/2025 ABC SGTU 21721   612.015 NEL DP1601 01/11/2025 17/09/2025 Books